Environmental engineering (Record no. 5357)

000 -LEADER
fixed length control field 00678nam a2200241 4500
001 - CONTROL NUMBER
control field 5357
003 - CONTROL NUMBER IDENTIFIER
control field BD-DhUET
008 - FIXED-LENGTH DATA ELEMENTS--GENERAL INFORMATION
fixed length control field 141126b xxu||||| |||| 00| 0 eng d
020 ## - INTERNATIONAL STANDARD BOOK NUMBER
International Standard Book Number 0071002316
040 ## - CATALOGING SOURCE
Transcribing agency 0
Modifying agency BD-DhUET
082 ## - DEWEY DECIMAL CLASSIFICATION NUMBER
Classification number 628
Item number PEA/1985
100 ## - MAIN ENTRY--PERSONAL NAME
Personal name Peavy, Howard S
245 ## - TITLE STATEMENT
Title Environmental engineering
250 ## - EDITION STATEMENT
Edition statement 1st ed.
260 ## - PUBLICATION, DISTRIBUTION, ETC. (IMPRINT)
Place of publication, distribution, etc. New york
Name of publisher, distributor, etc. McGraw-Hill
Date of publication, distribution, etc. 1985
300 ## - PHYSICAL DESCRIPTION
Extent xiv,699 p.+various paging
Other physical details ill.
490 ## - SERIES STATEMENT
Series statement McGraw-Hill series in water resources and environmental engineering
504 ## - BIBLIOGRAPHY, ETC. NOTE
Bibliography, etc Includes bibliographies
650 #0 - SUBJECT ADDED ENTRY--TOPICAL TERM
Topical term or geographic name as entry element Environmental engineering
700 ## - ADDED ENTRY--PERSONAL NAME
Personal name Rowe, Donald R.
700 ## - ADDED ENTRY--PERSONAL NAME
Personal name Tchobanoglous, George
942 ## - ADDED ENTRY ELEMENTS (KOHA)
Koha item type General Book
Holdings
Koha date last seen Sublocation or collection (holding branch) Koha renewals Not for loan Koha item type Price effective from Piece designation (barcode) Lost status Copy number Shelving location Koha issues (times borrowed) Source of classification or shelving scheme Koha normalized classification for sorting Date acquired Koha date last borrowed Koha full call number Location (home branch) Damaged status Withdrawn status
2024-09-08Central Library, BUET  General Book2014-11-2681896 1Circulation section9 628PEA19852014-11-262023-12-10628/PEA/1985Central Library, BUET  
2024-06-02Central Library, BUET  General Book2014-11-2681895 2Circulation section10 628PEA19852014-11-262024-03-16628/PEA/1985Central Library, BUET  
2015-06-18Central Library, BUET  Reading Item2015-06-1888788 3Reading section  628_000000000000000_PEA_19852015-06-18 628/PEA/1985Central Library, BUET  
2015-06-18Central Library, BUET  Reading Item2015-06-1887579 4Reading section  628_000000000000000_PEA_19852015-06-18 628/PEA/1985Central Library, BUET  
2021-11-13Central Library, BUET  General Book2017-10-3181894 5Circulation section2 628_000000000000000_PEA_19851991-10-282020-03-16628/PEA/1985Central Library, BUET  
2024-12-01Central Library, BUET  Rental Item2024-12-0181847 ক-৫১Rental section  628_000000000000000_PEA_19851991-10-28 628 PEA/1985Central Library, BUET  
2024-12-01Central Library, BUET  Rental Item2024-12-0181874 ক-৭৮Rental section  628_000000000000000_PEA_19851991-10-28 628 PEA/1985Central Library, BUET  
2024-12-01Central Library, BUET  Rental Item2024-12-0181875 ক-৭৯Rental section  628_000000000000000_PEA_19851991-10-28 628 PEA/1985Central Library, BUET  
2024-12-01Central Library, BUET  Rental Item2024-12-0181876 ক-৮০Rental section  628_000000000000000_PEA_19851991-10-28 628 PEA/1985Central Library, BUET  
2024-12-01Central Library, BUET  Rental Item2024-12-0181877 ক-৮১Rental section  628_000000000000000_PEA_19851991-10-28 628 PEA/1985Central Library, BUET  
2024-12-01Central Library, BUET  Rental Item2024-12-0181878 ক-৮২Rental section  628_000000000000000_PEA_19851991-10-28 628 PEA/1985Central Library, BUET  
2024-12-01Central Library, BUET  Rental Item2024-12-0181879 ক-৮৩Rental section  628_000000000000000_PEA_19851991-10-28 628 PEA/1985Central Library, BUET  
2024-12-01Central Library, BUET  Rental Item2024-12-0181880 ক-৮৪Rental section  628_000000000000000_PEA_19851991-10-28 628 PEA/1985Central Library, BUET  
2024-12-01Central Library, BUET  Rental Item2024-12-0181881 ক-৮৫Rental section  628_000000000000000_PEA_19851991-10-28 628 PEA/1985Central Library, BUET  
2024-12-01Central Library, BUET  Rental Item2024-12-0181882 ক-৮৬Rental section  628_000000000000000_PEA_19851991-10-28 628 PEA/1985Central Library, BUET  
2024-12-01Central Library, BUET  Rental Item2024-12-0181883 ক-৮৭Rental section  628_000000000000000_PEA_19851991-10-28 628 PEA/1985Central Library, BUET  
2024-12-01Central Library, BUET  Rental Item2024-12-0181884 ক-৮৭Rental section  628_000000000000000_PEA_19851991-10-28 628 PEA/1985Central Library, BUET